[Event "43. Olimpiada Batumi 2018 Femenina"]
[Site "Batumi GEO"]
[Date "2018.09.25"]
[Round "2.2"]
[White "Parveen, Tanima"]
[Black "Garcia Martin, Marta"]
[Result "1/2-1/2"]
[WhiteElo "2022"]
[BlackElo "2329"]
[PlyCount "83"]
[EventDate "2018.09.24"]
[EventType "team-swiss"]
[EventRounds "11"]
[EventCountry "GEO"]
[SourceTitle "Ajedrez en Madrid"]
[Source "lmi"]
[SourceDate "2018.09.24"]
[WhiteTeam "Bangladesh"]
[BlackTeam "Spain"]
[WhiteTeamCountry "BAN"]
[BlackTeamCountry "ESP"]

1. e4 c5 2. c3 Nf6 3. e5 Nd5 4. d4 cxd4 5. cxd4 d6 6. exd6 Nc6 7. Nf3 Bg4 8.
Be2 Qxd6 9. O-O e6 10. Nc3 Be7 11. h3 Bh5 12. Nb5 Qd8 13. Ne5 Bxe2 14. Qxe2 O-O
15. Rd1 Qa5 16. a4 a6 17. Bd2 Bb4 18. Nxc6 bxc6 19. Nd6 Rab8 20. Nc4 Qc7 21.
Rac1 Bxd2 22. Rxd2 Rfd8 23. Ne5 Nb4 24. Qf3 Rd5 25. Qg3 Rc8 26. Rc4 a5 27. Qg4
Qd6 28. Rd1 Rd8 29. Rdc1 Rc8 30. Qe4 h6 31. R1c3 f5 32. Qe3 Kh7 33. Nf7 Qe7 34.
Ne5 Rd6 35. Qf3 Rcd8 36. Qh5 Rxd4 37. Qg6+ Kg8 38. Nxc6 Rd1+ 39. Kh2 Nxc6 40.
Rxc6 R1d6 41. Rc7 R6d7 42. R7c6 1/2-1/2

[Event "43. Olimpiada Batumi 2018 Femenina"]
[Site "Batumi GEO"]
[Date "2018.09.25"]
[Round "2.3"]
[White "Calzetta Ruiz, Monica"]
[Black "Sultana, Sharmin Shirin"]
[Result "1-0"]
[WhiteElo "2235"]
[BlackElo "1974"]
[PlyCount "107"]
[EventDate "2018.09.24"]
[EventType "team-swiss"]
[EventRounds "11"]
[EventCountry "GEO"]
[SourceTitle "Ajedrez en Madrid"]
[Source "lmi"]
[SourceDate "2018.09.24"]
[WhiteTeam "Spain"]
[BlackTeam "Bangladesh"]
[WhiteTeamCountry "ESP"]
[BlackTeamCountry "BAN"]

1. e4 c5 2. Nf3 Nf6 3. Nc3 d5 4. Bb5+ Bd7 5. e5 d4 6. exf6 dxc3 7. fxg7 cxd2+
8. Qxd2 Bxg7 9. Bd3 Qb6 10. O-O Nc6 11. c3 O-O-O 12. Qc2 h5 13. Re1 Bg4 14. Bf4
Rdg8 15. Nd2 Bh6 16. Nc4 Qd8 17. Bf5+ Bxf5 18. Qxf5+ Qd7 19. Qxd7+ Kxd7 20.
Rad1+ Kc8 21. Bxh6 Rxh6 22. Ne5 Nd8 23. f4 Rf6 24. Re4 Rd6 25. Rde1 Rd2 26.
R1e2 Rd1+ 27. Kf2 b6 28. b4 cxb4 29. cxb4 b5 30. Rc2+ Kb8 31. Nf3 Ne6 32. f5
Ng5 33. Rxe7 Nxf3 34. gxf3 Rdg1 35. Rcc7 R8g2+ 36. Ke3 Re1+ 37. Kf4 Rxe7 38.
Rxe7 Rxh2 39. Rxf7 Rxa2 40. f6 Rc2 41. Rf8+ Kb7 42. f7 Rc7 43. Rb8+ Kxb8 44.
f8=Q+ Kb7 45. Kg5 h4 46. Kxh4 Kb6 47. f4 Rc4 48. Kg5 Kb7 49. f5 Rc1 50. Qe7+
Rc7 51. Qe4+ Kb6 52. f6 a5 53. Qd4+ Kb7 54. bxa5 1-0

[Event "43. Olimpiada Batumi 2018 Femenina"]
[Site "Batumi GEO"]
[Date "2018.09.25"]
[Round "2.4"]
[White "Hamid, Rani"]
[Black "Hernandez Estevez, Yudania"]
[Result "1-0"]
[WhiteElo "1909"]
[BlackElo "2192"]
[PlyCount "103"]
[EventDate "2018.09.24"]
[EventType "team-swiss"]
[EventRounds "11"]
[EventCountry "GEO"]
[SourceTitle "Ajedrez en Madrid"]
[Source "lmi"]
[SourceDate "2018.09.24"]
[WhiteTeam "Bangladesh"]
[BlackTeam "Spain"]
[WhiteTeamCountry "BAN"]
[BlackTeamCountry "ESP"]

1. e4 e5 2. Nf3 Nc6 3. Bb5 f5 4. d3 Nf6 5. Bg5 Bc5 6. O-O O-O 7. Nc3 d6 8. Nd5
Be6 9. Bc4 Qd7 10. Bxf6 gxf6 11. exf5 Bxd5 12. Bxd5+ Kh8 13. Be6 Qe8 14. c3 Nd8
15. Bb3 Qh5 16. d4 Bb6 17. Qd3 Nc6 18. Rae1 Rad8 19. Be6 Rg8 20. Bxg8 Rxg8 21.
Kh1 Rg4 22. g3 Ne7 23. Nh4 Qf7 24. dxe5 fxe5 25. Qf3 Rg5 26. f6 Nd5 27. Qg2 c6
28. c4 Nxf6 29. f4 Rh5 30. fxe5 dxe5 31. Qf3 Rh6 32. b3 Qe6 33. Qf5 Ng4 34.
Qf8+ Qg8 35. Qxg8+ Kxg8 36. Rf5 Nf2+ 37. Kg2 Nd3 38. Ref1 Bc5 39. Rg5+ Kh8 40.
Rf7 e4 41. Rxb7 Rf6 42. Rb8+ Rf8 43. Rxf8+ Bxf8 44. Nf5 Nc1 45. Rg4 Nxa2 46.
Rxe4 Kg8 47. Ne7+ Kf7 48. Nxc6 Nc1 49. b4 Nd3 50. c5 a6 51. Re3 Nb2 52. Ra3 1-0

[Event "43. Olimpiada Batumi 2018 Femenina"]
[Site "Batumi GEO"]
[Date "2018.09.25"]
[Round "2.1"]
[White "Ptacnikova, Lenka"]
[Black "Peng, Zhaoqin"]
[Result "0-1"]
[WhiteElo "2211"]
[BlackElo "2367"]
[PlyCount "68"]
[EventDate "2018.09.24"]
[EventType "team-swiss"]
[EventRounds "11"]
[EventCountry "GEO"]
[SourceTitle "Ajedrez en Madrid"]
[Source "lmi"]
[SourceDate "2018.09.24"]
[WhiteTeam "Iceland"]
[BlackTeam "Netherlands"]
[WhiteTeamCountry "ISL"]
[BlackTeamCountry "NED"]

1. c4 e6 2. Nf3 d5 3. e3 c5 4. cxd5 exd5 5. d4 Nc6 6. Nc3 Nf6 7. Bb5 Bd6 8.
dxc5 Bxc5 9. Nd4 Qd6 10. a3 O-O 11. Be2 a6 12. Nxc6 bxc6 13. Na4 Ba7 14. b4 a5
15. bxa5 Bf5 16. Nb6 Rad8 17. O-O c5 18. a4 Rfe8 19. Bd3 Ng4 20. g3 Qh6 21. h4
Qg6 22. Ra3 Ne5 23. Be2 Be4 24. Bb2 Bb8 25. Bh5 Qf5 26. Bxe5 Bxe5 27. Bg4 Qg6
28. h5 Qd6 29. f3 Bb2 30. fxe4 Qxg3+ 31. Kh1 dxe4 32. Nd7 Bxa3 33. Rf4 Qxe3 34.
Rxf7 Qd3 0-1

[Event "43. Olimpiada Batumi 2018 Femenina"]
[Site "Batumi GEO"]
[Date "2018.09.25"]
[Round "2.2"]
[White "Haast, Anne"]
[Black "Thorsteinsdottir, Gudlaug"]
[Result "0-1"]
[WhiteElo "2345"]
[BlackElo "1981"]
[PlyCount "56"]
[EventDate "2018.09.24"]
[EventType "team-swiss"]
[EventRounds "11"]
[EventCountry "GEO"]
[SourceTitle "Ajedrez en Madrid"]
[Source "lmi"]
[SourceDate "2018.09.24"]
[WhiteTeam "Netherlands"]
[BlackTeam "Iceland"]
[WhiteTeamCountry "NED"]
[BlackTeamCountry "ISL"]

1. e4 e5 2. Nf3 Nf6 3. d4 Nxe4 4. Bd3 d5 5. Nxe5 Be7 6. O-O O-O 7. c4 c5 8.
cxd5 Qxd5 9. Re1 Nf6 10. dxc5 Qxc5 11. Nc3 Be6 12. Qf3 Nc6 13. Nxc6 Qxc6 14.
Qxc6 bxc6 15. Bg5 h6 16. Bh4 g5 17. Bg3 Bb4 18. a3 Bc5 19. Rac1 Bd4 20. Na4
Rfe8 21. b4 Bd5 22. Red1 Be5 23. Bc4 Bxg3 24. hxg3 Rad8 25. Bxd5 cxd5 26. Rd4
Re2 27. Nc5 Rde8 28. Rd3 Re1+ 0-1

[Event "43. Olimpiada Batumi 2018 Femenina"]
[Site "Batumi GEO"]
[Date "2018.09.25"]
[Round "2.3"]
[White "Davidsdottir, Nansy"]
[Black "Lanchava, Tea"]
[Result "0-1"]
[WhiteElo "1945"]
[BlackElo "2339"]
[PlyCount "68"]
[EventDate "2018.09.24"]
[EventType "team-swiss"]
[EventRounds "11"]
[EventCountry "GEO"]
[SourceTitle "Ajedrez en Madrid"]
[Source "lmi"]
[SourceDate "2018.09.24"]
[WhiteTeam "Iceland"]
[BlackTeam "Netherlands"]
[WhiteTeamCountry "ISL"]
[BlackTeamCountry "NED"]

1. e4 d6 2. d4 Nf6 3. Nc3 g6 4. Nf3 Bg7 5. Bd3 O-O 6. Qe2 Nc6 7. e5 dxe5 8.
dxe5 Ng4 9. Bf4 Nd4 10. Qe4 Nxf3+ 11. gxf3 Bf5 12. Qe2 Bxd3 13. cxd3 Qd4 14.
Be3 Nxe3 15. fxe3 Qxe5 16. d4 Qa5 17. O-O c5 18. dxc5 Qxc5 19. Ne4 Qb4 20. Rfd1
Rfd8 21. Rac1 b6 22. b3 Rac8 23. Rxc8 Rxc8 24. Qa6 Rc7 25. Qd3 Bf8 26. Kf2 Qa3
27. Rd2 Qc1 28. Kg2 h6 29. a4 Bg7 30. Qd8+ Kh7 31. Qd3 f5 32. Ng3 Rc3 33. Qd5
Rxe3 34. Nxf5 Re5 0-1

[Event "43. Olimpiada Batumi 2018 Femenina"]
[Site "Batumi GEO"]
[Date "2018.09.25"]
[Round "2.4"]
[White "Paulet, Iozefina"]
[Black "Johannsdottir, Johanna Bjorg"]
[Result "1-0"]
[WhiteElo "2275"]
[BlackElo "1900"]
[PlyCount "95"]
[EventDate "2018.09.24"]
[EventType "team-swiss"]
[EventRounds "11"]
[EventCountry "GEO"]
[SourceTitle "Ajedrez en Madrid"]
[Source "lmi"]
[SourceDate "2018.09.24"]
[WhiteTeam "Netherlands"]
[BlackTeam "Iceland"]
[WhiteTeamCountry "NED"]
[BlackTeamCountry "ISL"]

1. e4 c5 2. Nf3 g6 3. d4 cxd4 4. Qxd4 Nf6 5. Nc3 Nc6 6. Qa4 d6 7. e5 dxe5 8.
Nxe5 Bd7 9. Nxd7 Qxd7 10. Be3 Bg7 11. Be2 O-O 12. O-O a6 13. Rfd1 Qc7 14. Qh4
Rfd8 15. g3 Qa5 16. a3 Rac8 17. Qa4 Qxa4 18. Nxa4 Nd5 19. Rxd5 Rxd5 20. Nb6
Rcd8 21. Nxd5 Rxd5 22. c3 e6 23. a4 Kf8 24. Ra3 Ke8 25. Rb3 Rd7 26. Rb6 Rc7 27.
Bf3 Na5 28. Rb4 Rc4 29. Rxc4 Nxc4 30. Bxb7 Nxb2 31. Bxa6 Bxc3 32. Bb6 Kd7 33.
Bb5+ Kc8 34. Kf1 Kb7 35. a5 e5 36. Ke2 f5 37. Bd8 e4 38. a6+ Ka7 39. Bg5 Bd4
40. Be3 Bxe3 41. fxe3 Kb6 42. h3 h6 43. h4 g5 44. h5 Nd3 45. Bxd3 exd3+ 46.
Kxd3 Kxa6 47. Kd4 Kb5 48. Ke5 1-0

[Event "43. Olimpiada Batumi 2018 Femenina"]
[Site "Batumi GEO"]
[Date "2018.09.25"]
[Round "2.1"]
[White "Nomin-Erdene, Davaademberel"]
[Black "Maksimovic, Masa"]
[Result "1-0"]
[WhiteElo "2377"]
[BlackElo "2130"]
[PlyCount "79"]
[EventDate "2018.09.24"]
[EventType "team-swiss"]
[EventRounds "11"]
[EventCountry "GEO"]
[SourceTitle "Ajedrez en Madrid"]
[Source "lmi"]
[SourceDate "2018.09.24"]
[WhiteTeam "Mongolia"]
[BlackTeam "Bosnia & Herzegovina"]
[WhiteTeamCountry "MGL"]
[BlackTeamCountry "BIH"]

1. e4 g6 2. d4 Bg7 3. Nc3 d6 4. Be3 a6 5. a4 b6 6. f3 e6 7. Qd2 h6 8. Nge2 Ne7
9. g4 Nbc6 10. Rd1 d5 11. exd5 exd5 12. Bg2 Qd7 13. O-O Bb7 14. Nf4 O-O-O 15.
Nce2 Kb8 16. b4 h5 17. h3 hxg4 18. fxg4 Rde8 19. Nc1 Nd8 20. a5 Nc8 21. axb6
cxb6 22. Nfd3 Nc6 23. Bf4+ Ka7 24. c3 f6 25. Nb3 Nd8 26. Qf2 Bc6 27. Ndc5 bxc5
28. Nxc5 Qf7 29. Ra1 Bb5 30. Rxa6+ Bxa6 31. Ra1 Re6 32. Qf1 Qb7 33. Nxb7 Nxb7
34. Bxd5 Rb6 35. Bc7 Ncd6 36. Bxb6+ Kxb6 37. Qxa6+ Kc7 38. Re1 Bf8 39. Qc6+ Kb8
40. Re8+ 1-0

[Event "43. Olimpiada Batumi 2018 Femenina"]
[Site "Batumi GEO"]
[Date "2018.09.25"]
[Round "2.2"]
[White "Jacimovic, Sara"]
[Black "Munkhzul, Turmunkh"]
[Result "0-1"]
[WhiteElo "1960"]
[BlackElo "2149"]
[PlyCount "82"]
[EventDate "2018.09.24"]
[EventType "team-swiss"]
[EventRounds "11"]
[EventCountry "GEO"]
[SourceTitle "Ajedrez en Madrid"]
[Source "lmi"]
[SourceDate "2018.09.24"]
[WhiteTeam "Bosnia & Herzegovina"]
[BlackTeam "Mongolia"]
[WhiteTeamCountry "BIH"]
[BlackTeamCountry "MGL"]

1. e4 c5 2. Nf3 d6 3. d4 cxd4 4. Nxd4 Nf6 5. Nc3 a6 6. Be2 e5 7. Nb3 Be7 8. Be3
Be6 9. Bf3 Nbd7 10. Qe2 b5 11. Rd1 Rc8 12. h3 Qc7 13. a3 O-O 14. g4 Nb6 15. Bg2
Nc4 16. Bc1 Nxa3 17. Na1 b4 18. Nd5 Bxd5 19. exd5 Nxc2+ 20. Nxc2 Qxc2 21. Qxa6
Ne4 22. Be3 Nc5 23. Qe2 Na4 24. Qxc2 Rxc2 25. b3 Nc3 26. Ra1 Re2+ 27. Kf1 Rb2
28. Bf3 Rxb3 29. Kg2 e4 30. Bd1 Ra3 31. Rxa3 bxa3 32. Bb3 Rb8 33. Bc4 Rb4 34.
Ba6 Ra4 35. Bb7 a2 36. Ra1 Bf6 37. g5 Be5 38. Bc6 Rb4 39. Bd2 Rb2 40. Be1 Rb1
41. Bxc3 Rxa1 0-1

[Event "43. Olimpiada Batumi 2018 Femenina"]
[Site "Batumi GEO"]
[Date "2018.09.25"]
[Round "2.3"]
[White "Yanjindulam, Dulamsuren"]
[Black "Mahmutbegovic, Nadina"]
[Result "0-1"]
[WhiteElo "2123"]
[BlackElo "1946"]
[PlyCount "78"]
[EventDate "2018.09.24"]
[EventType "team-swiss"]
[EventRounds "11"]
[EventCountry "GEO"]
[SourceTitle "Ajedrez en Madrid"]
[Source "lmi"]
[SourceDate "2018.09.24"]
[WhiteTeam "Mongolia"]
[BlackTeam "Bosnia & Herzegovina"]
[WhiteTeamCountry "MGL"]
[BlackTeamCountry "BIH"]

1. e4 e5 2. Nf3 Nc6 3. Bb5 a6 4. Ba4 Nf6 5. d3 b5 6. Bb3 Be7 7. O-O O-O 8. Nc3
d6 9. a3 Bg4 10. Be3 Na5 11. Ba2 c5 12. h3 Be6 13. Bxe6 fxe6 14. Ne2 Nc6 15.
Ng5 Qd7 16. f4 h6 17. Nf3 Nh5 18. fxe5 dxe5 19. Qd2 Qe8 20. g4 Nf6 21. Ng3 Nh7
22. Kg2 Nd4 23. Nxe5 Bf6 24. Bxd4 cxd4 25. Nf3 Qc6 26. Nh5 Rac8 27. Nxf6+ Nxf6
28. Nxd4 Qd6 29. c3 Kh7 30. Rad1 Rcd8 31. Qc2 h5 32. Qe2 h4 33. Rf3 Nd7 34. Qf2
g5 35. Ne2 Ne5 36. Rxf8 Rxf8 37. Qd4 Qc7 38. Qe3 Nf3 39. Rh1 Kg6 0-1

[Event "43. Olimpiada Batumi 2018 Femenina"]
[Site "Batumi GEO"]
[Date "2018.09.25"]
[Round "2.4"]
[White "Tomic, Jelena"]
[Black "Batchimeg, Tuvshintugs"]
[Result "0-1"]
[WhiteElo "1921"]
[BlackElo "2367"]
[PlyCount "48"]
[EventDate "2018.09.24"]
[EventType "team-swiss"]
[EventRounds "11"]
[EventCountry "GEO"]
[SourceTitle "Ajedrez en Madrid"]
[Source "lmi"]
[SourceDate "2018.09.24"]
[WhiteTeam "Bosnia & Herzegovina"]
[BlackTeam "Mongolia"]
[WhiteTeamCountry "BIH"]
[BlackTeamCountry "MGL"]

1. e4 e6 2. d4 d5 3. e5 c5 4. c3 Nc6 5. Nf3 Bd7 6. Be2 f6 7. O-O Qc7 8. Re1
fxe5 9. Nxe5 Nxe5 10. dxe5 O-O-O 11. c4 d4 12. Bd3 Nh6 13. Qe2 Be7 14. Qh5 Qb6
15. Na3 Nf5 16. Rb1 Rdf8 17. Bd2 Bc6 18. Be4 Bxe4 19. Rxe4 Qc6 20. Qe2 d3 21.
Qe1 a6 22. b4 cxb4 23. Bxb4 Bxb4 24. Rxb4 d2 0-1

[Event "43. Olimpiada Batumi 2018 Femenina"]
[Site "Batumi GEO"]
[Date "2018.09.25"]
[Round "2.1"]
[White "Vo, Thi Kim Phung"]
[Black "Gerasimova, Olga"]
[Result "1-0"]
[WhiteElo "2368"]
[BlackElo "2010"]
[PlyCount "93"]
[EventDate "2018.09.24"]
[EventType "team-swiss"]
[EventRounds "11"]
[EventCountry "GEO"]
[SourceTitle "Ajedrez en Madrid"]
[Source "lmi"]
[SourceDate "2018.09.24"]
[WhiteTeam "Vietnam"]
[BlackTeam "ICCD"]
[WhiteTeamCountry "VIE"]

1. Nf3 Nf6 2. c4 d5 3. cxd5 Nxd5 4. Nc3 g6 5. Qa4+ c6 6. Nxd5 Qxd5 7. e4 Qd8 8.
d4 Bg7 9. Be3 O-O 10. Be2 h6 11. O-O Kh7 12. Qb3 Qb6 13. Qa3 Qd8 14. Rfd1 Qd6
15. Qb3 b6 16. Bc4 e6 17. Rac1 f5 18. e5 Qd7 19. Bd2 Re8 20. Bb4 Bf8 21. Bxf8
Rxf8 22. Ne1 Qe7 23. Nc2 Re8 24. Ne3 Bb7 25. Be2 b5 26. Bf3 Rc8 27. Nc2 g5 28.
g3 a5 29. a4 b4 30. Ne3 Ba6 31. Rc5 Bb7 32. Nc4 g4 33. Bg2 Ra6 34. Nxa5 Ba8 35.
Qc4 Rb6 36. Qc2 Na6 37. Nc4 Rbb8 38. Nd6 Rd8 39. Rc4 Nc7 40. Bxc6 Bxc6 41. Rxc6
Nd5 42. Nxf5 exf5 43. Qxf5+ Kg7 44. Rg6+ Kh8 45. Rxh6+ Kg8 46. Qxg4+ Kf8 47.
Rh8+ 1-0

[Event "43. Olimpiada Batumi 2018 Femenina"]
[Site "Batumi GEO"]
[Date "2018.09.25"]
[Round "2.2"]
[White "Lagutina, Olga"]
[Black "Pham, Le Thao Nguyen"]
[Result "0-1"]
[WhiteElo "1948"]
[BlackElo "2347"]
[PlyCount "69"]
[EventDate "2018.09.24"]
[EventType "team-swiss"]
[EventRounds "11"]
[EventCountry "GEO"]
[SourceTitle "Ajedrez en Madrid"]
[Source "lmi"]
[SourceDate "2018.09.24"]
[WhiteTeam "ICCD"]
[BlackTeam "Vietnam"]
[BlackTeamCountry "VIE"]

1. d4 d5 2. Nf3 Nf6 3. e3 c6 4. Bd3 Bg4 5. Nbd2 Nbd7 6. b3 e5 7. Be2 e4 8. Ng1
Be6 9. c4 Bd6 10. Bb2 O-O 11. f3 exf3 12. Bxf3 Qe7 13. Qe2 Rfe8 14. O-O-O Bf5
15. c5 Bc7 16. g4 Bg6 17. Re1 Nxc5 18. dxc5 Qxc5+ 19. Nc4 dxc4 20. Qxc4 Qxc4+
21. bxc4 Ne4 22. Nh3 Nc5 23. Nf2 Ba5 24. Re2 Nd3+ 25. Nxd3 Bxd3 26. Rf2 Bxc4
27. Bd4 Bb6 28. Rc2 Bb5 29. h4 Rad8 30. Bxb6 axb6 31. Rd2 Rxd2 32. Kxd2 Ra8 33.
Ra1 Ra3 34. Kc2 Rxe3 35. Rd1 0-1

[Event "43. Olimpiada Batumi 2018 Femenina"]
[Site "Batumi GEO"]
[Date "2018.09.25"]
[Round "2.3"]
[White "Nguyen, Thi Mai Hung"]
[Black "Myronenko, Natalya"]
[Result "1-0"]
[WhiteElo "2244"]
[BlackElo "1919"]
[PlyCount "57"]
[EventDate "2018.09.24"]
[EventType "team-swiss"]
[EventRounds "11"]
[EventCountry "GEO"]
[SourceTitle "Ajedrez en Madrid"]
[Source "lmi"]
[SourceDate "2018.09.24"]
[WhiteTeam "Vietnam"]
[BlackTeam "ICCD"]
[WhiteTeamCountry "VIE"]

1. d4 d5 2. c4 e6 3. Nc3 Nf6 4. Bg5 Be7 5. e3 b6 6. cxd5 Nxd5 7. Bxe7 Qxe7 8.
Nxd5 exd5 9. Rc1 O-O 10. Bd3 Be6 11. Qc2 c6 12. Bxh7+ Kh8 13. Bd3 Rc8 14. Nf3
c5 15. O-O c4 16. Bf5 Nd7 17. Bxe6 fxe6 18. e4 Rf8 19. Rfe1 Qf6 20. Re3 Kg8 21.
Rce1 b5 22. exd5 exd5 23. Ne5 Nxe5 24. Rxe5 Rad8 25. R1e3 Rd6 26. Rf3 Qh4 27.
Rh3 Qxd4 28. Qh7+ Kf7 29. Rf3+ 1-0

[Event "43. Olimpiada Batumi 2018 Femenina"]
[Site "Batumi GEO"]
[Date "2018.09.25"]
[Round "2.4"]
[White "Malika, Handa"]
[Black "Bach, Ngoc Thuy Duong"]
[Result "0-1"]
[WhiteElo "1334"]
[BlackElo "2161"]
[PlyCount "88"]
[EventDate "2018.09.24"]
[EventType "team-swiss"]
[EventRounds "11"]
[EventCountry "GEO"]
[SourceTitle "Ajedrez en Madrid"]
[Source "lmi"]
[SourceDate "2018.09.24"]
[WhiteTeam "ICCD"]
[BlackTeam "Vietnam"]
[BlackTeamCountry "VIE"]

1. e4 c5 2. Nf3 d6 3. d4 cxd4 4. Nxd4 Nf6 5. Nc3 a6 6. Be2 e5 7. Nb3 Be7 8. O-O
O-O 9. Be3 Be6 10. Nd5 Nxd5 11. exd5 Bf5 12. f4 exf4 13. Bxf4 Bg6 14. c4 Nd7
15. Qd2 Re8 16. Kh1 Qb6 17. Be3 Qc7 18. Nd4 Bf6 19. Rad1 Nc5 20. b3 Qe7 21. Rf3
Ne4 22. Qe1 Bh4 23. Qg1 Bf6 24. Bf1 Be5 25. Bf4 Qh4 26. Bxe5 Rxe5 27. g3 Qh6
28. Rf4 Bh5 29. Rd3 g5 30. Rf5 Rxf5 31. Nxf5 Qf6 32. g4 Bxg4 33. Nd4 Nf2+ 34.
Kg2 Nxd3 35. Bxd3 Re8 36. Qf2 Qxf2+ 37. Kxf2 Re5 38. Nc2 Kg7 39. Ne3 Bd7 40.
Kf3 f5 41. Nc2 h5 42. b4 Kf6 43. a3 f4 44. Nd4 Re3+ 0-1

[Event "43. Olimpiada Batumi 2018 Femenina"]
[Site "Batumi GEO"]
[Date "2018.09.25"]
[Round "2.1"]
[White "Cordero, Daniela"]
[Black "Bulmaga, Irina"]
[Result "0-1"]
[WhiteElo "2082"]
[BlackElo "2394"]
[PlyCount "154"]
[EventDate "2018.09.24"]
[EventType "team-swiss"]
[EventRounds "11"]
[EventCountry "GEO"]
[SourceTitle "Ajedrez en Madrid"]
[Source "lmi"]
[SourceDate "2018.09.24"]
[WhiteTeam "Bolivia"]
[BlackTeam "Romania"]
[WhiteTeamCountry "BOL"]
[BlackTeamCountry "ROU"]

1. d4 Nf6 2. Nf3 d5 3. c4 e6 4. g3 Bb4+ 5. Bd2 Be7 6. Bf4 O-O 7. Bg2 c6 8. Qc2
Nbd7 9. O-O b6 10. cxd5 cxd5 11. Bc7 Qe8 12. Nc3 Ba6 13. Qa4 Qc8 14. Rac1 Qb7
15. Nb5 Rfc8 16. Bf4 Bxb5 17. Qxb5 a6 18. Qd3 b5 19. Nd2 Nb6 20. e4 dxe4 21.
Nxe4 Nbd5 22. Bd2 h6 23. Nc5 Qb6 24. b4 Rd8 25. Rc2 Ne8 26. Qe2 Bf6 27. Qg4 Kh8
28. Re1 Rab8 29. Qh5 Bxd4 30. Qxf7 Nec7 31. Qg6 e5 32. Qxb6 Rxb6 33. Nb3 Ne6
34. Nxd4 exd4 35. Re5 Nf6 36. h3 Rbd6 37. f4 d3 38. Rc1 Nd4 39. Rc7 R6d7 40.
Re7 Rxc7 41. Rxc7 Re8 42. Bc3 Re2 43. Rc8+ Kh7 44. Rd8 d2 45. Rxd4 Re1+ 46. Kf2
d1=Q 47. Rxd1 Rxd1 48. Ke2 Rg1 49. Bb7 Rxg3 50. Bxf6 gxf6 51. Bxa6 Rxh3 52.
Bxb5 Rh2+ 53. Kd3 Rxa2 54. Be8 Ra8 55. Bh5 Kg7 56. Kd4 Kf8 57. Kd5 Rb8 58. Kc5
Ke7 59. Bg4 Kd8 60. b5 Kc7 61. Bf3 Rb6 62. f5 Rd6 63. Bh5 Rd2 64. b6+ Kb8 65.
Kc6 Rh2 66. Bf7 h5 67. Kd6 h4 68. Ke6 h3 69. Kxf6 Rd2 70. Bh5 Rd3 71. Be2 h2
72. Bxd3 h1=Q 73. Kg7 Qg2+ 74. Kf8 Qc6 75. Be4 Qxb6 76. Kg7 Qg1+ 77. Kh8 Qg5
0-1

[Event "43. Olimpiada Batumi 2018 Femenina"]
[Site "Batumi GEO"]
[Date "2018.09.25"]
[Round "2.2"]
[White "Peptan, Corina-Isabela"]
[Black "Ramirez, Maria Eugenia"]
[Result "1-0"]
[WhiteElo "2374"]
[BlackElo "2052"]
[PlyCount "139"]
[EventDate "2018.09.24"]
[EventType "team-swiss"]
[EventRounds "11"]
[EventCountry "GEO"]
[SourceTitle "Ajedrez en Madrid"]
[Source "lmi"]
[SourceDate "2018.09.24"]
[WhiteTeam "Romania"]
[BlackTeam "Bolivia"]
[WhiteTeamCountry "ROU"]
[BlackTeamCountry "BOL"]

1. d4 c5 2. d5 f5 3. Nc3 Nf6 4. Bg5 g6 5. d6 Qb6 6. Rb1 h6 7. dxe7 Bxe7 8. Bxf6
Qxf6 9. e3 Kf7 10. Bc4+ Kg7 11. Qd2 Nc6 12. Nd5 Qd6 13. Rd1 Ne5 14. Be2 Bf6 15.
f4 Nc6 16. c4 Nb4 17. Nxf6 Qxd2+ 18. Rxd2 Kxf6 19. a3 Nc6 20. Rd6+ Kg7 21. Nf3
Re8 22. Kf2 a5 23. Rd5 b6 24. Rhd1 Ra7 25. h3 Re6 26. g4 Rf6 27. gxf5 gxf5 28.
Rd6 Re6 29. Rxe6 dxe6 30. Rd6 Rc7 31. Ne5 Nxe5 32. fxe5 Rb7 33. Bf3 Rd7 34.
Rxb6 Kf7 35. Ke2 Rc7 36. Rc6 Rxc6 37. Bxc6 Ke7 38. Kf3 Ba6 39. b3 Kf7 40. Kg3
Bc8 41. h4 Kg6 42. Be8+ Kg7 43. Kf2 Kf8 44. Bc6 Ke7 45. Ke2 Kd8 46. Kd2 Kc7 47.
Be8 Bb7 48. Kc3 Kd8 49. Bb5 Kc7 50. b4 axb4+ 51. axb4 cxb4+ 52. Kxb4 Bf3 53.
Ba6 Be2 54. Bb5 Bf3 55. Ka5 Be2 56. c5 Bh5 57. Bc4 Bf7 58. Kb4 Kb7 59. Be2 Kc7
60. Bf3 Be8 61. Kc4 Ba4 62. Bh5 Bc6 63. Kb4 Kd7 64. Be2 Kc7 65. Bc4 Bd7 66. Bb5
Bc8 67. c6 Kb8 68. Kc5 Ka7 69. h5 Kb8 70. Kb6 1-0

[Event "43. Olimpiada Batumi 2018 Femenina"]
[Site "Batumi GEO"]
[Date "2018.09.25"]
[Round "2.3"]
[White "Monroy G., Nataly A"]
[Black "Cosma, Elena-Luminita"]
[Result "0-1"]
[WhiteElo "1961"]
[BlackElo "2328"]
[PlyCount "84"]
[EventDate "2018.09.24"]
[EventType "team-swiss"]
[EventRounds "11"]
[EventCountry "GEO"]
[SourceTitle "Ajedrez en Madrid"]
[Source "lmi"]
[SourceDate "2018.09.24"]
[WhiteTeam "Bolivia"]
[BlackTeam "Romania"]
[WhiteTeamCountry "BOL"]
[BlackTeamCountry "ROU"]

1. d4 d5 2. c4 e6 3. Nf3 Nf6 4. g3 dxc4 5. Qa4+ c6 6. Qxc4 b5 7. Qc2 Bb7 8. Bg2
Nbd7 9. O-O c5 10. Rd1 Rc8 11. Qb3 a6 12. dxc5 Bxc5 13. Be3 Qb6 14. Bxc5 Nxc5
15. Qb4 a5 16. Qd4 O-O 17. Nbd2 Rfd8 18. Qf4 Na4 19. b3 Nc3 20. Re1 Nfd5 21.
Qh4 Nb4 22. Qh5 f6 23. e4 e5 24. Bh3 Rc7 25. Nh4 g6 26. Qh6 Nc2 27. Rac1 Nxe1
28. Rxe1 Bc8 29. Bxc8 Rdxc8 30. Re3 Rg7 31. Kg2 Qd6 32. Rf3 Rd7 33. Nf1 Qf8 34.
Qe3 Rd4 35. h3 Nxe4 36. Qe1 Ng5 37. Re3 Qb4 38. Qb1 Kg7 39. Nh2 Qd6 40. Qf1
Qd5+ 41. N4f3 Rd1 42. Qe2 Rcc1 0-1

[Event "43. Olimpiada Batumi 2018 Femenina"]
[Site "Batumi GEO"]
[Date "2018.09.25"]
[Round "2.4"]
[White "Lehaci, Miruna-Daria"]
[Black "Molina, Jessica"]
[Result "1-0"]
[WhiteElo "1933"]
[BlackElo "1806"]
[PlyCount "105"]
[EventDate "2018.09.24"]
[EventType "team-swiss"]
[EventRounds "11"]
[EventCountry "GEO"]
[SourceTitle "Ajedrez en Madrid"]
[Source "lmi"]
[SourceDate "2018.09.24"]
[WhiteTeam "Romania"]
[BlackTeam "Bolivia"]
[WhiteTeamCountry "ROU"]
[BlackTeamCountry "BOL"]

1. e4 e6 2. d4 d5 3. exd5 exd5 4. c4 c6 5. Nc3 Nf6 6. Bd3 Be6 7. c5 Be7 8. Nf3
b6 9. cxb6 axb6 10. O-O O-O 11. Bg5 c5 12. a3 Nc6 13. Bc2 h6 14. Bh4 c4 15. h3
Qb8 16. Nb5 Ra5 17. Ba4 Na7 18. Nxa7 Qxa7 19. Ne5 Qc7 20. Nc6 Raa8 21. Nxe7+
Qxe7 22. Bc2 b5 23. Re1 Rfe8 24. Qd2 Qd8 25. Re3 g5 26. Bg3 Qa5 27. Qe2 Qb6 28.
Re1 Bd7 29. Be5 Qc6 30. Qf3 Ra6 31. Bxf6 Rxe3 32. fxe3 Qxf6 33. Qxd5 Bc6 34.
Qf5 Qxf5 35. Bxf5 Kg7 36. e4 Ra7 37. Re3 Re7 38. Kf2 Bd7 39. Re2 Kf6 40. g4 Bc6
41. Ke3 Rb7 42. d5 Be8 43. Kd4 b4 44. Rf2 Ke7 45. Kxc4 bxa3 46. bxa3 Ra7 47.
Rd2 Kd6 48. e5+ Kxe5 49. Re2+ Kd6 50. Rxe8 Rxa3 51. Rd8+ Ke7 52. Rd7+ Ke8 53.
d6 1-0